[Event "Oberwart op"]
[Site "Oberwart"]
[Date "1994.??.??"]
[Round "5"]
[White "Muhtarov, Leonid"]
[Black "Cvitan, Ognjen"]
[Result "0-1"]
[WhiteElo "2215"]
[BlackElo "2585"]

1.c4 g6 2.Nf3 Bg7 3.g3 Nf6 4.Bg2 O-O 5.O-O d5 6.cxd5 Nxd5 7.d4 Nb6 8.Nc3 Nc6
9.d5 Na5 10.e4 c6 11.dxc6 Nxc6 12.Qc2 Bg4 13.h3 Bxf3 14.Bxf3 Nd4 15.Qd3 Rc8
16.Bg2 Nc4 17.Rd1 b5 18.Rb1 e6 19.Be3 Nxe3 20.Qxe3 Qb6 21.e5 Rfd8 22.Nd5 exd5
23.Qxd4 Qxd4 24.Rxd4 Bxe5 25.Rxd5 Rxd5 26.Bxd5 Rc2 27.Bb3 Rd2 28.Rd1 Rxb2
29.Rd7 a5 30.Bxf7+ Kf8 31.Bd5 Bd4 32.Rf7+ Ke8 33.Kf1 a4 34.f4 b4 35.Rxh7 b3
36.axb3 a3 37.b4 a2 38.Bxa2 Rf2+ 39.Ke1 Rxa2 40.g4 Bc3+ 41.Kf1 Bxb4 42.h4 Bd2
43.Rh6 Kf7 44.h5 gxh5 45.Rxh5 Ra4 46.Rf5+ Ke6 47.Re5+ Kd6 48.Rf5 Bxf4 49.Kg2 Ra2+
50.Kf3 Be5 51.g5 Ke6 52.Rf8 Ra4 53.g6 Bf6 54.Kg3 Kf5 55.Rg8 Ra3+ 56.Kf2 Ra7
57.Kf3 Re7 58.Kf2 Bg7 59.Kf3 Kxg6 60.Ra8 Kf5 61.Ra5+ Be5 62.Ra8 Rb7 63.Rf8+ Bf6
64.Re8 Rb3+ 65.Re3 Rb8 66.Ke2 Bd4 67.Re7 Be5 68.Kd3 Rd8+ 69.Kc2 Ke4 70.Ra7 Rb8
71.Ra2 Rc8+ 72.Kb3 Kd3 73.Ra4 Bc3 74.Ra7 Rb8+ 75.Ka3 Bb4+ 76.Ka2 Kc2 77.Ra6 Rh8
78.Ra7 Rh5 79.Ra6 Rc5 80.Ra8 Rc4 81.Ra6 Bc3 82.Ra8 Rh4  0-1

[Event "Oslo op"]
[Site "Oslo"]
[Date "1994.??.??"]
[Round "4"]
[White "Lauvas, Dag"]
[Black "Djurhuus, Rune"]
[Result "0-1"]
[WhiteElo "2220"]
[BlackElo "2460"]

1.Nf3 Nf6 2.c4 g6 3.g3 Bg7 4.Bg2 O-O 5.O-O d6 6.d4 Nbd7 7.Nc3 e5 8.d5 h6
9.Qc2 Kh8 10.Rb1 Ng8 11.e4 f5 12.exf5 gxf5 13.b4 Ne7 14.Rd1 Nf6 15.c5 Bd7
16.Nd2 f4 17.Nde4 Nf5 18.Ne2 Qe8 19.Nxf6 Bxf6 20.Re1 Qh5 21.Qb3 Rae8 22.Bb2 Qg5
23.Kh1 Rg8 24.Qf3 Qg6 25.cxd6 cxd6 26.Rbc1 Rg7 27.Qe4 Bb5 28.Bh3 Bd3 29.Qf3 Nh4
30.Nxf4 Nxf3 31.Nxg6+ Bxg6  0-1

[Event "Pardubice op2"]
[Site "Pardubice"]
[Date "1994.??.??"]
[Round "6"]
[White "Popovich, Sviatoslav"]
[Black "Hadraba, Vladimir"]
[Result "1/2-1/2"]
[WhiteElo "2220"]
[BlackElo "2275"]

1.c4 g6 2.g3 Bg7 3.Bg2 Nf6 4.Nf3 O-O 5.O-O d6 6.Nc3 e5 7.Rb1 Nc6 8.d3 h6
9.b4 Be6 10.b5 Ne7 11.e4 Qd7 12.Bd2 Kh7 13.Ne1 Bg4 14.f3 Bh3 15.g4 Bxg2 16.Nxg2 Nfg8
17.Qe1 f5 18.Qh4 f4 19.Nd5 g5 20.Qf2 Ng6 21.h4 Nxh4 22.Nxh4 gxh4 23.Qxh4 c6
24.Nc3 Bf6 25.Qh2 Ne7 26.Kf2 Kg7 27.Rh1 Bg5 28.bxc6 bxc6 29.Rb3 Rab8 30.Rhb1 Rxb3
31.Rxb3 Ng6 32.Qh1 Bd8 33.Ke2 Qe7 34.Na4 Rf7 35.Bb4 a5 36.Be1 Nf8 37.Bf2 Ne6
38.Qb1 Nd4+ 39.Bxd4 exd4 40.Qg1 c5 41.Nb6 Qh4 42.Nd5 a4 43.Rb5 Kh7 44.Qf2 Qh1
45.Qf1 Qh2+ 46.Qf2 Qh1  1/2-1/2

[Event "Paris op"]
[Site "Paris"]
[Date "1994.??.??"]
[Round "6"]
[White "Voskanian, Vahagn"]
[Black "Belkhodja, Slim"]
[Result "1-0"]
[WhiteElo "2315"]
[BlackElo "2390"]

1.Nf3 Nf6 2.c4 g6 3.g3 Bg7 4.Bg2 O-O 5.d4 d6 6.Nc3 Nbd7 7.O-O e5 8.dxe5 dxe5
9.Bg5 h6 10.Bxf6 Qxf6 11.Nd2 Nc5 12.Rc1 a5 13.Nde4 Nxe4 14.Nxe4 Qe7 15.Qb3 f5
16.Nc3 c6 17.Na4 Be6 18.Qe3 Rfd8 19.Qc5 Kf7 20.Rfd1 e4 21.b3 Bf8 22.Qb6 Rd7
23.Rxd7 Qxd7 24.Nc3 Qe7 25.Rd1 Qb4 26.Nb5 Rc8 27.Qxb7+ Kf6 28.Rd7 Qe1+ 29.Bf1 Bc5
30.Nd4 Bxd7 31.Qxd7 Bxd4 32.Qxd4+ Ke6 33.c5 Re8 34.e3 Kf7 35.Kg2 Re7 36.Qd8  1-0

[Event "World op"]
[Site "Philadelphia"]
[Date "1994.??.??"]
[Round "?"]
[White "Pigusov, Evgeny"]
[Black "Brooks, Michael A"]
[Result "1/2-1/2"]
[WhiteElo "2570"]
[BlackElo "2440"]

1.Nf3 Nf6 2.c4 g6 3.g3 Bg7 4.Bg2 O-O 5.d4 d6 6.O-O Nbd7 7.Nc3 e5 8.e4 c6
9.b3 Re8 10.h3 a6 11.d5 c5 12.Re1 Rb8 13.Bf1 Re7 14.a3 Ne8 15.Rb1 Qc7 16.Qc2 Nf8
17.Nh4 b6 18.Kh2 f6 19.Nd1 Qd8 20.Bd2 Reb7 21.Ne3 Bh6 22.Rb2 Ng7 23.Bc3 Bg5
24.Nf3 f5 25.Nxg5 Qxg5 26.exf5 gxf5 27.Ng2 f4 28.gxf4 exf4 29.Qd3 Bf5 30.Qf3 Ng6
31.Bd3 Bxd3 32.Qxd3 Rf8 33.Qf3 Re7 34.Rxe7 Qxe7 35.Re2 Qg5 36.Re4 Nf5 37.Qg4 Qxg4
38.hxg4 Nh6 39.f3 Nf7 40.Nxf4 Ng5 41.Nxg6 hxg6 42.Re3 Rxf3 43.Rxf3 Nxf3+
44.Kg3 Ng5 45.Kf4 Nf7  1/2-1/2

[Event "POR-chT"]
[Site "?"]
[Date "1994.??.??"]
[Round "?"]
[White "Alexandre, Jorge"]
[Black "Parcerias, Pedro"]
[Result "0-1"]
[WhiteElo "2305"]
[BlackElo "2240"]

1.Nf3 Nf6 2.c4 g6 3.g3 Bg7 4.Bg2 O-O 5.O-O d6 6.Nc3 e5 7.d4 Nbd7 8.dxe5 dxe5
9.Qc2 c6 10.b3 Qe7 11.Bb2 a5 12.Rad1 Nc5 13.Ba3 b6 14.Na4 Bf5 15.Qc1 Rab8
16.Nxc5 bxc5 17.Qe3 Nd7 18.Nh4 Bg4 19.Bxc6 Rbc8 20.Bxd7 Bxd7 21.Bxc5 Rxc5
22.Rxd7 Qxd7 23.Qxc5 Qd2 24.Qe3 Qxa2 25.c5 Rc8 26.Nf3 Qb2 27.Rd1 Bf8 28.Rc1 e4
29.Ng5 Bh6 30.f4 exf3 31.exf3 Bxg5 32.Qxg5 Qxb3 33.c6 Qxf3 34.c7 Qd3 35.Qe5 Qd7
36.h4 h5 37.Rc4 Kh7 38.g4 Re8 39.Qc5 Re1+ 40.Kg2 Qd2+ 41.Kf3 Qd3+ 42.Kf4 Qf1+
43.Kg3 Re2  0-1

[Event "POR-chT"]
[Site "?"]
[Date "1994.??.??"]
[Round "?"]
[White "Antunes, Antonio"]
[Black "Santos, Antonio P"]
[Result "1-0"]
[WhiteElo "2465"]
[BlackElo "2260"]

1.Nf3 Nf6 2.c4 g6 3.g3 Bg7 4.Bg2 O-O 5.O-O d6 6.d4 Nbd7 7.Qc2 c6 8.Rd1 Qc7
9.e4 e5 10.h3 Re8 11.dxe5 dxe5 12.c5 Bf8 13.Be3 b5 14.a4 Bb7 15.Nbd2 h6 16.Bf1 a6
17.b4 Rad8 18.Nb3 Nh5 19.Bd2 Bc8 20.Bc3 Ng7 21.Bg2 f6 22.axb5 cxb5 23.Na5 Nb8
24.Nd2 Ne6 25.Ndb3 Nc6 26.Nxc6 Qxc6 27.Rd5 Nc7 28.Na5 Qa8 29.Rxd8 Rxd8 30.f4 Bg7
31.f5 Kh7 32.Rd1 Rxd1+ 33.Qxd1 Bb7 34.fxg6+ Kxg6 35.Qd7 Qc8 36.c6  1-0

[Event "Portoroz op"]
[Site "Portoroz"]
[Date "1994.??.??"]
[Round "?"]
[White "Velickovic, Zoran"]
[Black "Kozul, Zdenko"]
[Result "0-1"]
[WhiteElo "2295"]
[BlackElo "2575"]

1.Nf3 Nf6 2.g3 g6 3.c4 Bg7 4.Bg2 O-O 5.d4 c6 6.O-O d6 7.Nc3 Qa5 8.h3 Be6
9.d5 cxd5 10.Nd4 Bd7 11.Nb3 Qb4 12.cxd5 Ba4 13.Qd4 Qxd4 14.Nxd4 Bd7 15.Be3 Na6
16.Rac1 Rfc8 17.Ndb5 Nc5 18.b4 Na4 19.Nxa4 Bxb5 20.Nc3 Bd7 21.Bd4 Rc4 22.Bxf6 Bxf6
23.Ne4 Rxb4 24.Nxf6+ exf6 25.Rc7 Rd8 26.e4 Kf8 27.f4 Ke7 28.Rfc1 a5 29.R1c3 Rb8
30.Bf3 Ke8 31.a3 Rb1+ 32.Kf2 h5 33.g4 h4 34.g5 Rb2+ 35.Ke3 fxg5 36.e5 gxf4+
37.Kxf4 dxe5+ 38.Kxe5 Bxh3 39.Re3 Kf8 40.Rec3 Bf5 41.d6 Re8+ 42.Kf4 Rd2  0-1

[Event "Bohemians"]
[Site "Prague"]
[Date "1994.??.??"]
[Round "7"]
[White "Znamenacek, Kvetoslav"]
[Black "Pachmann, Ales"]
[Result "1-0"]
[WhiteElo "2260"]
[BlackElo "2190"]

1.Nf3 Nf6 2.c4 g6 3.g3 Bg7 4.Bg2 O-O 5.O-O c5 6.Nc3 Nc6 7.d4 cxd4 8.Nxd4 d6
9.Nc2 Ng4 10.Bd2 Bf5 11.h3 Nge5 12.Ne3 Be6 13.b3 Nd4 14.Rc1 Qd7 15.Kh2 h5
16.Ncd5 h4 17.gxh4 f5 18.f4 Nec6 19.Bc3 Bf7 20.Nc2 e5 21.Nxd4 exd4 22.Ba1 Rae8
23.b4 Bxd5 24.Bxd5+ Kh7 25.h5 Re3 26.hxg6+ Kh6 27.b5 Nb4 28.Qe1 Nxd5 29.Qh4+ Kxg6
30.Rg1+ Kf7 31.Rxg7+ Kxg7 32.Bxd4+ Kf7 33.Qh5+ Ke7 34.cxd5 Re4 35.Qg5+ Ke8
36.e3 b6 37.a4 Rf7 38.Qg8+ Rf8 39.Qg6+ Ke7 40.Qg5+ Ke8 41.Qg6+ Rf7 42.Rc6 Qe7
43.Rxd6 Rxd4 44.exd4 Qe2+ 45.Qg2 Re7 46.Re6 Rxe6 47.dxe6  1-0

[Event "EUCup Gr"]
[Site "Pula"]
[Date "1994.??.??"]
[Round "3"]
[White "Konopka, Michal"]
[Black "Timoshenko, Georgy"]
[Result "1/2-1/2"]
[WhiteElo "2455"]
[BlackElo "2520"]

1.Nf3 Nf6 2.c4 g6 3.g3 Bg7 4.Bg2 O-O 5.d4 d6 6.O-O Nbd7 7.Nc3 e5 8.h3 c6
9.e4 Qb6 10.c5 dxc5 11.dxe5 Ne8 12.e6 fxe6 13.Ng5 Ne5 14.f4 Nf7 15.Nxf7 Bd4+
16.Kh2 Rxf7 17.e5  1/2-1/2

[Event "CRO-Cup"]
[Site "Pula"]
[Date "1994.??.??"]
[Round "4"]
[White "Voscilla, Adriano"]
[Black "Orak, Ljubomir"]
[Result "1-0"]
[WhiteElo "2320"]
[BlackElo "2355"]

1.Nf3 Nf6 2.g3 g6 3.Bg2 Bg7 4.c4 O-O 5.O-O d6 6.d4 Nbd7 7.Nc3 e5 8.e4 exd4
9.Nxd4 Re8 10.h3 Nc5 11.Re1 a5 12.Nb3 Nfd7 13.Be3 a4 14.Nxc5 Nxc5 15.Bd4 Be6
16.Kh2 Bxd4 17.Qxd4 Qe7 18.Re3 Qf8 19.Rd1 Rad8 20.f4 c6 21.Re2 f5 22.Rde1 Qf7
23.exf5 gxf5 24.Re3 Qg7 25.Ne2 Bf7 26.Qxg7+ Kxg7 27.Nd4 Kf6 28.Rxe8 Rxe8
29.Rxe8 Bxe8 30.g4 fxg4 31.hxg4 Bf7 32.g5+ Ke7 33.b3 axb3 34.axb3 d5 35.cxd5 Bxd5
36.Bxd5 cxd5 37.Kg3 Ne6 38.Nxe6 Kxe6 39.Kg4 d4 40.f5+ Ke5 41.f6 h5+ 42.gxh6  1-0

[Event "Reggio Emilia9495"]
[Site "Reggio Emilia"]
[Date "1994.??.??"]
[Round "2"]
[White "Vaganian, Rafael A"]
[Black "Martorelli, Antonio"]
[Result "1-0"]
[WhiteElo "2645"]
[BlackElo "2245"]

1.Nf3 Nf6 2.g3 g6 3.Bg2 Bg7 4.c4 O-O 5.O-O d6 6.Nc3 Nc6 7.Rb1 Bf5 8.d3 e5
9.Bg5 h6 10.Bxf6 Bxf6 11.b4 Qd7 12.Nd2 Bh3 13.Nd5 Bd8 14.b5 Nd4 15.Ne4 Kg7
16.Bxh3 Qxh3 17.e3 Ne6 18.f4 f5 19.Nf2 Qh5 20.Qb3 exf4 21.exf4 g5 22.Qb2+ Kg8
23.Rbe1 Qg6 24.fxg5 Nxg5 25.Kg2 Qg7 26.Qxg7+ Kxg7 27.h4 Nf7 28.Nf4 Kh7 29.Ne6 Re8
30.d4 c6 31.bxc6 bxc6 32.Nd3 Ba5 33.Re2 Ne5 34.dxe5 Rxe6 35.Rxf5 Rae8 36.c5 dxc5
37.Nxc5 R6e7 38.Ne4 Rb8 39.Rc2 Rb5 40.Rxc6 Rbxe5 41.Nf6+ Kg7 42.Rxe5 Rxe5
43.Ng4 Re2+ 44.Kf3 Rxa2 45.Nxh6 Ra3+ 46.Kg4 Rc3 47.Nf5+ Kf7 48.Nd6+ Kg7 49.Rxc3 Bxc3
50.Nb5  1-0

[Event "ROM-chT"]
[Site "ROM"]
[Date "1994.??.??"]
[Round "?"]
[White "Foisor, Ovidiu"]
[Black "Serdean, Pavel Dorin"]
[Result "0-1"]
[WhiteElo "2435"]
[BlackElo "2240"]

1.c4 g6 2.g3 Bg7 3.Bg2 Nf6 4.Nf3 O-O 5.O-O Nc6 6.Nc3 e5 7.d3 d6 8.Rb1 a5
9.a3 h6 10.b4 axb4 11.axb4 Be6 12.Nd2 Qd7 13.Nd5 Nh5 14.b5 Nd8 15.Bb2 f5
16.Ra1 Rxa1 17.Qxa1 f4 18.Qa7 Bg4 19.Re1 Kh7 20.Ne4 Rf7 21.d4 Qf5 22.b6 fxg3
23.hxg3 c6 24.Ne3 Qd7 25.dxe5 Bh3 26.Nxd6 Rf8 27.Rd1 Bxg2 28.Kxg2 Qe7 29.Ne4 Bxe5
30.Ba3 c5 31.Bxc5 Bd6 32.Nxd6 Qe5 33.Nd5 Nxg3 34.Qa2 Nxe2 35.Qd2 Qh5 36.Rh1 Qf3+
37.Kh2 Nf4 38.Qxf4 Rxf4 39.Nxf4 Qxf4+ 40.Kg2 Qg4+ 41.Kf1 Qd1+ 42.Kg2 Qg4+
43.Kf1 Ne6  0-1

[Event "ROM-chT"]
[Site "ROM"]
[Date "1994.??.??"]
[Round "?"]
[White "Foisor, Ovidiu"]
[Black "Tomescu, Vlad"]
[Result "1-0"]
[WhiteElo "2435"]
[BlackElo "2340"]

1.c4 Nf6 2.Nf3 g6 3.g3 Bg7 4.Bg2 O-O 5.O-O d6 6.Nc3 e5 7.d3 c5 8.a3 Nc6 9.Rb1 a5
10.Bg5 h6 11.Bxf6 Bxf6 12.Ne1 Bg7 13.Nc2 Be6 14.b4 axb4 15.axb4 cxb4 16.Nxb4 Qd7
17.Nbd5 Bxd5 18.Bxd5 Rfb8 19.Rb6 Bf6 20.Qb1 Qc7 21.e3 Kg7 22.Rb3 Nd8 23.Qb2 Qd7
24.Rb1 Ra7 25.Nb5 Ra6 26.Nc3 Ra7 27.Ne4 Be7 28.Nc5 Qc7 29.Nxb7 Nxb7 30.Bxb7 h5
31.h3 h4 32.g4 Qc5 33.Kg2 Bg5 34.Rb5 Qa3 35.Qxa3 Rxa3 36.Be4 Rf8 37.Rb7 Ra2
38.Kf3 Bd8 39.Bd5 Rd2 40.Be4 Kh6 41.Rd7 f5 42.gxf5 gxf5 43.Rxd6+ Kg5  1-0

[Event "ROM-chT"]
[Site "ROM"]
[Date "1994.??.??"]
[Round "?"]
[White "Suciu, Dinu Simi"]
[Black "Rogozenko, Dorin"]
[Result "0-1"]
[WhiteElo "2310"]
[BlackElo "2415"]

1.Nf3 Nf6 2.c4 g6 3.g3 Bg7 4.Bg2 O-O 5.Nc3 d5 6.cxd5 Nxd5 7.O-O Nc6 8.d4 Nb6
9.d5 Na5 10.e4 c6 11.Nd4 cxd5 12.exd5 e5 13.Nb3 Nac4 14.a4 Nd6 15.Qe2 Re8
16.a5 Nbc4 17.Ra4 Qc7 18.Nb5 Nxb5 19.Rxc4 Qd7 20.Be3 Nd6 21.Rb4 Qd8 22.Rc1 h5
23.Qd2 Bf5 24.Bg5 Bf6 25.Bxf6 Qxf6 26.Nc5 Qe7 27.a6 bxa6 28.Nxa6 Rec8 29.Rc6 Bd7
30.Rxc8+ Rxc8 31.Rb8 Qd8 32.Rxc8 Qxc8 33.Nb4 e4 34.h4 Qc5 35.Na2 Bf5 36.b4 Qc4
37.Bf1 Qb3 38.Nc1 Qa3 39.Ne2 Qd3 40.Qf4 Qxd5 41.Nc3 Qd4 42.Nb5 Nxb5 43.Qb8+ Kh7
44.Qxb5 Be6 45.Bg2 Bc4 46.Qb7 e3 47.fxe3 Qxe3+ 48.Kh2 Qf2 49.Qf3 Qb2 50.Qb7 Qf2
51.Qf3 Qxf3 52.Bxf3 Kg7 53.Kg2 Kf6 54.Kf2 Ke5 55.Ke3 f6 56.Bc6 Bf7 57.Bb7 g5
58.hxg5 fxg5 59.Bf3 h4 60.gxh4 gxh4 61.Bg2 Be6 62.Bf1 Kd5 63.Kd3 Bf5+ 64.Ke3 Bd7  0-1

[Event "Sala op"]
[Site "Sala"]
[Date "1994.??.??"]
[Round "3"]
[White "Sergeev, Vladimir"]
[Black "Dobrotka, Martin"]
[Result "1-0"]
[WhiteElo "2445"]
[BlackElo "2285"]

1.Nf3 Nf6 2.g3 g6 3.Bg2 Bg7 4.c4 O-O 5.Nc3 c6 6.d4 d6 7.h3 Re8 8.O-O Qc7
9.e4 e5 10.Be3 Nbd7 11.Re1 a6 12.Rc1 h6 13.b3 Kh7 14.Kh2 Nf8 15.Qc2 b5 16.cxb5 cxb5
17.Qb1 Qb7 18.b4 Bd7 19.Kg1 Rac8 20.d5 Nh5 21.Ne2 Rxc1 22.Rxc1 Rc8 23.g4 Nf6
24.Ng3 Rxc1+ 25.Qxc1 Qc8 26.Qxc8 Bxc8 27.Nd2 N8d7 28.Nb1 Ne8 29.Nc3 Bf6 30.a4 bxa4
31.Nxa4 Bg5 32.Bxg5 hxg5 33.Nf1 Kg7 34.Ne3 Kf8 35.Nc4 Ke7 36.Bf1 Kd8 37.Bd3 Kc7
38.Kg2 Ng7 39.Kg3 f6 40.Na5 Bb7 41.b5 axb5 42.Bxb5 Nb8 43.Kf3 Bc8 44.Ke3 Bd7
45.Bxd7 Kxd7 46.Kd3 Ne8 47.Kc4 Nc7 48.Nb6+ Ke8 49.Nb7 Nd7 50.Nc8 Kf8 51.Nbxd6 Ne8
52.Nxe8 Kxe8 53.d6 Kd8 54.Ne7 Nf8 55.Kd5 Ke8 56.Nc8 Kd7 57.Nb6+ Kd8 58.Na4 Kd7
59.Nc5+ Ke8 60.Kc6  1-0

[Event "Sarospatak op"]
[Site "Sarospatak"]
[Date "1994.??.??"]
[Round "?"]
[White "Kovac, Darko"]
[Black "Emodi, Gyula"]
[Result "1-0"]
[WhiteElo "2380"]
[BlackElo "2365"]

1.c4 Nf6 2.Nf3 g6 3.g3 Bg7 4.Bg2 O-O 5.O-O d6 6.d4 c6 7.h3 Qa5 8.Nc3 Qa6
9.b3 b5 10.Qd3 bxc4 11.Qxc4 Qb6 12.Na4 Qc7 13.Bb2 Be6 14.Qc1 Na6 15.Ne1 Rac8
16.e4 c5 17.d5 Bd7 18.Qc4 Rb8 19.Nc3 Qc8 20.Kh2 Rb4 21.Qe2 Ne8 22.Nc2 Rb8
23.Ne3 Nb4 24.Nc4 e6 25.Rfd1 exd5 26.Nxd5 Nxd5 27.Bxg7 Kxg7 28.Rxd5 Qc7 29.e5 dxe5
30.Qxe5+ Qxe5 31.Nxe5 Be6 32.Rxc5 Nd6 33.Rac1 Rfc8 34.Nc6 Rb6 35.Nd4 Re8
36.Ra5 a6 37.Rc6 Rxc6 38.Bxc6 Rc8 39.Nxe6+ fxe6 40.Rxa6 Nf5 41.b4 Nd4 42.b5 Kf6
43.a4 Ke5 44.Kg2 h5  1-0

[Event "Schwaebisch Gmuend op"]
[Site "Schwaebisch Gmuend"]
[Date "1994.??.??"]
[Round "5"]
[White "Spassov, Liuben"]
[Black "Held, Markus"]
[Result "1-0"]
[WhiteElo "2430"]
[BlackElo "2205"]

1.Nf3 Nf6 2.g3 g6 3.Bg2 Bg7 4.c4 O-O 5.O-O d6 6.d4 Nc6 7.Nc3 a6 8.Qd3 Bg4
9.d5 Bxf3 10.exf3 Ne5 11.Qe2 c5 12.f4 Ned7 13.f5 Rb8 14.fxg6 hxg6 15.a4 Re8
16.Bd2 Nf8 17.f4 e6 18.Qd3 exd5 19.cxd5 b5 20.axb5 axb5 21.Rae1 Rxe1 22.Rxe1 c4
23.Qf3 Qd7 24.h3 Qf5 25.Na2 N6d7 26.Bc3 Bxc3 27.bxc3 Nc5 28.Nb4 Ra8 29.g4 Qf6
30.g5 Qg7 31.Re3 Ra3 32.Nc2 Ra2 33.Nb4 Ra3 34.f5 gxf5 35.Nc6 Nd3 36.Ne7+ Kh8
37.Nxf5 Qxg5 38.Re4 Ne5 39.Qf2 Nd3 40.Qd4+ f6 41.Nxd6 Qg6 42.Rg4 Ra1+ 43.Kh2  1-0

[Event "Sevilla op"]
[Site "Sevilla"]
[Date "1994.??.??"]
[Round "8"]
[White "Antunes, Antonio"]
[Black "Matamoros Franco, Carlos S"]
[Result "1/2-1/2"]
[WhiteElo "2465"]
[BlackElo "2400"]

1.Nf3 Nf6 2.c4 g6 3.g3 Bg7 4.Bg2 O-O 5.O-O d6 6.Nc3 a6 7.d4 Nbd7 8.h3 e5
9.e4 exd4 10.Nxd4 Re8 11.Re1 Rb8 12.Qc2 Ne5 13.b3 c5 14.Nde2 b5 15.cxb5 axb5
16.Be3 b4 17.Na4 Bb7 18.Rad1 Qc7 19.Nc1 Rbd8 20.Kh2 Qb8 21.f3 Nh5  1/2-1/2

[Event "Sitges op"]
[Site "Sitges"]
[Date "1994.??.??"]
[Round "1"]
[White "Spassov, Liuben"]
[Black "Exposito Cabrera, Joaquin"]
[Result "1-0"]
[WhiteElo "2425"]
[BlackElo "2085"]

1.Nf3 Nf6 2.c4 g6 3.g3 Bg7 4.Bg2 O-O 5.O-O c6 6.d4 d5 7.b3 Na6 8.Bb2 Nc7
9.Nbd2 Bg4 10.Re1 Nd7 11.h3 Bxf3 12.Nxf3 c5 13.cxd5 Nxd5 14.Qd2 cxd4 15.Nxd4 N5f6
16.Bxb7  1-0

[Event "Sitges op"]
[Site "Sitges"]
[Date "1994.??.??"]
[Round "2"]
[White "Moreno Ruiz, Javier"]
[Black "Aalbersberg, P."]
[Result "1-0"]
[WhiteElo "2370"]
[BlackElo "2155"]

1.Nf3 Nf6 2.c4 g6 3.g3 Bg7 4.Bg2 O-O 5.O-O c5 6.d4 cxd4 7.Nxd4 Nc6 8.Nc3 Qb6
9.Nc2 d6 10.b3 Bd7 11.Bb2 Ne5 12.Qd2 Bc6 13.e4 Rac8 14.Rab1 Nfg4 15.h3 Nf6
16.Kh2 Kh8 17.f4 Ned7 18.Rfe1 Rfd8 19.Nd5 Bxd5 20.cxd5 Nc5 21.Bd4 Qc7 22.Rbc1 Qd7
23.Na3 b6 24.Nc4 Kg8 25.Ba1 Nb7 26.e5 dxe5 27.Nxe5 Qd6 28.Nc6 Rxc6 29.Rxc6 Qd7
30.Rd1 Nc5 31.b4 Nce4 32.Qc2 Nd6 33.a4 Nf5 34.Rc7 Qd6 35.Re1 Nxd5 36.Bxd5 Qxd5
37.Bxg7 Kxg7 38.Qe2 Qb3 39.Qe5+ Kg8 40.Rc3 Rd2+ 41.Kg1 Qe6  1-0

[Event "SLO-sf"]
[Site "?"]
[Date "1994.??.??"]
[Round "?"]
[White "Mali, Slavko"]
[Black "Guid, Matej"]
[Result "1/2-1/2"]
[WhiteElo "2290"]
[BlackElo "1930"]

1.c4 Nf6 2.Nf3 g6 3.g3 Bg7 4.Bg2 O-O 5.Nc3 d5 6.cxd5 Nxd5 7.O-O e5 8.Nxd5 Qxd5
9.d3 c6 10.Qa4 Nd7 11.Qh4 Qa5 12.Bh6 Bf6 13.Qc4 Nb6 14.Qc2 Re8 15.Ng5 Nd5
16.a3 Qd8  1/2-1/2

[Event "SLO-sf"]
[Site "?"]
[Date "1994.??.??"]
[Round "?"]
[White "Mali, Slavko"]
[Black "Vavpetic, Vide"]
[Result "1/2-1/2"]
[WhiteElo "2295"]
[BlackElo "2220"]

1.c4 Nf6 2.Nf3 g6 3.g3 Bg7 4.Bg2 O-O 5.Nc3 d6 6.O-O c6 7.d4 Be6 8.b3 Qc8
9.Re1 Bh3 10.Bh1 h6 11.Bb2 Nbd7 12.Rc1 Qc7 13.d5 cxd5 14.Nxd5 Nxd5 15.Bxg7 Kxg7
16.Qxd5 Nf6 17.Qd2 Rad8 18.Nd4 Rd7 19.e4 a6 20.Ne2 e5 21.Nc3 Nh5 22.Nd5 Qd8
23.Bf3 Nf6 24.Ne3 Nh7 25.Red1 Ng5 26.Bh1 Ne6 27.Nc2 Bg4 28.f3 Bh3 29.Bg2 Bxg2
30.Kxg2 h5 31.Rf1 h4 32.Ne3 f5 33.Nd5 Rh8 34.exf5 gxf5 35.f4 hxg3 36.hxg3 Kg6
37.fxe5 dxe5 38.Qe3 Rdh7 39.Rh1 Rxh1 40.Rxh1 Rxh1 41.Kxh1 Qd6 42.Kg2 b5 43.Qd3 bxc4
44.bxc4 Qc5 45.g4 Qxd5+ 46.Qxd5 Nf4+ 47.Kg3 Nxd5 48.gxf5+ Kxf5 49.cxd5  1/2-1/2

[Event "St Petersburg op2"]
[Site "St Petersburg"]
[Date "1994.??.??"]
[Round "2"]
[White "Vaulin, Alexander"]
[Black "Zakharevich, Igor"]
[Result "1/2-1/2"]
[WhiteElo "2550"]
[BlackElo "2415"]

1.c4 g6 2.g3 Bg7 3.Bg2 Nf6 4.Nf3 O-O 5.O-O d6 6.Nc3 e5 7.d3 Nc6 8.Bg5 h6
9.Bxf6 Qxf6 10.Nd2 Nd4 11.b4 Qd8 12.Rb1 h5 13.b5 h4 14.Nd5 hxg3 15.fxg3 a6
16.a4 axb5 17.axb5 Bd7 18.e3 Ne6 19.Qe2 c6  1/2-1/2

[Event "St Petersburg op2"]
[Site "St Petersburg"]
[Date "1994.??.??"]
[Round "5"]
[White "Kochyev, Alexander"]
[Black "Zakharov, Alexander V"]
[Result "1/2-1/2"]
[WhiteElo "2465"]
[BlackElo "2390"]

1.Nf3 Nf6 2.g3 g6 3.Bg2 Bg7 4.c4 O-O 5.d4 d6 6.O-O Nbd7 7.Nc3 e5 8.e4 exd4
9.Nxd4 Nc5 10.h3 Re8 11.Re1 a5 12.Rb1 c6 13.Bf4 a4 14.b4 axb3 15.axb3 h6
16.b4 Ne6 17.Nxe6 Bxe6  1/2-1/2

[Event "St Petersburg op"]
[Site "St Petersburg"]
[Date "1994.??.??"]
[Round "5"]
[White "Krogius, Nikolai V"]
[Black "Korotylev, Alexey"]
[Result "1/2-1/2"]
[WhiteElo "2480"]
[BlackElo "2415"]

1.Nf3 Nf6 2.c4 g6 3.g3 Bg7 4.Bg2 O-O 5.O-O d6 6.d4 Nbd7 7.Nc3 e5 8.h3 Re8
9.e4 exd4 10.Nxd4 Nc5 11.Re1 Bd7 12.Nb3 Na4 13.Nxa4 Bxa4 14.Qc2 Nd7 15.Bd2 Re7
16.Bc3 Qf8 17.Bxg7 Qxg7 18.Qd2 Rae8 19.Re3 b6 20.Nd4 Nc5 21.Rae1 a5 22.a3 Bd7
23.b4 axb4 24.axb4 Ne6 25.Nf5 gxf5 26.exf5 Qf6 27.fxe6 Rxe6 28.h4 Rxe3 29.Rxe3 Rxe3
30.Qxe3 Qa1+ 31.Kh2 Qe5  1/2-1/2

[Event "St Petersburg op2"]
[Site "St Petersburg"]
[Date "1994.??.??"]
[Round "7"]
[White "Kochyev, Alexander"]
[Black "Turov, Maxim"]
[Result "1-0"]
[WhiteElo "2465"]
[BlackElo "2405"]

1.Nf3 Nf6 2.c4 g6 3.g3 Bg7 4.Bg2 O-O 5.d4 d5 6.cxd5 Nxd5 7.O-O Nb6 8.Nc3 Nc6
9.Bf4 Be6 10.Rc1 h6 11.b3 a6 12.Qd2 Kh7 13.Rfd1 Nd5 14.Ne5 Nxe5 15.Bxe5 c6
16.Bxg7 Kxg7 17.Nxd5 cxd5 18.Rc5 Qd7 19.Qf4 g5 20.Qe5+ f6 21.Qc7 Rfd8 22.Rdc1 Rab8
23.Qb6 Qd6 24.Qxd6 Rxd6 25.Kf1 Kf8 26.Ke1 Ke8 27.Kd2 Kd8 28.e3 Rc8 29.b4 b6
30.Rxc8+ Bxc8 31.a4 Bb7 32.a5 Kd7 33.Bh3+ e6 34.f4 f5 35.g4 fxg4 36.Bxg4 gxf4
37.exf4 b5 38.f5 exf5 39.Bxf5+ Kd8 40.Ke3 Bc6 41.Kf4 h5 42.Ke5 Rh6 43.Rg1 Be8
44.Be6 Rh7 45.Kxd5 Bd7 46.Rg8+ Kc7 47.Bxd7 Rxd7+ 48.Kc5 Kb7 49.d5 Rc7+ 50.Kd6 Rc2
51.Rg7+ Kb8 52.Rh7 Rxh2 53.Kc6 Rh4 54.Rh8+ Ka7 55.d6 Rh1 56.d7  1-0

[Event "St Petersburg op2"]
[Site "St Petersburg"]
[Date "1994.??.??"]
[Round "8"]
[White "Vaulin, Alexander"]
[Black "Dyachkov, Sergej"]
[Result "1-0"]
[WhiteElo "2550"]
[BlackElo "2510"]

1.g3 g6 2.Bg2 Bg7 3.c4 Nf6 4.Nf3 O-O 5.O-O d6 6.d4 c6 7.Nc3 Na6 8.e4 e5 9.h3 Qb6
10.b3 exd4 11.Na4 Qa5 12.Nxd4 Re8 13.Re1 Bd7 14.Bd2 Qc7 15.Bf4 Nh5 16.Be3 Nc5
17.Nc3 Qa5 18.Qc2 Ne6 19.Nde2 Rad8 20.Rad1 Bc8 21.Kh2 Nc5 22.Nd4 Ne6 23.Qd2 Nxd4
24.Bxd4 Bxd4 25.Qxd4 Ng7 26.f4 Ne6 27.Qd2 Rd7 28.b4 Qd8 29.Qf2 a6 30.a3 Qe7
31.Re3 Rdd8 32.Red3 Rd7 33.Qd2 Red8 34.Na4 h5 35.Nb6 Rc7 36.e5 d5 37.cxd5 cxd5
38.Nxd5 Rxd5 39.Bxd5 h4 40.g4 Kh7 41.Rc1  1-0

[Event "St Petersburg op2"]
[Site "St Petersburg"]
[Date "1994.??.??"]
[Round "8"]
[White "Loginov, Valery A"]
[Black "Kornev, Alexei"]
[Result "1-0"]
[WhiteElo "2610"]
[BlackElo "2330"]

1.Nf3 Nf6 2.g3 g6 3.c4 Bg7 4.Bg2 O-O 5.d4 d6 6.O-O Nc6 7.Nc3 e5 8.dxe5 Nxe5
9.Nxe5 dxe5 10.Bg5 Qxd1 11.Rfxd1 c6 12.Rac1 Be6 13.Na4 Nd7 14.b4 Nb6 15.Nc5 Bxc4
16.Nxb7 Bd5 17.Na5 h6 18.Be3 Bxg2 19.Kxg2 Nd5 20.Bc5 Rfc8 21.b5 Bf8 22.Nxc6 Nb6
23.Bxf8 Kxf8 24.Nxe5 Rxc1 25.Rxc1 Re8 26.Rc5 Na4 27.Nd7+ Kg7 28.Rc4 Nb6 29.Nxb6 axb6
30.e3 Rd8 31.a4 Rd2 32.h4 h5 33.Rc6 Ra2 34.Rxb6 Rxa4 35.Rc6 Rb4 36.b6 Rb2
37.Kf3 Rb4 38.e4 Rb2 39.Ke3 Rb4 40.Kd3 Rb3+ 41.Kc4 Rb2 42.f4  1-0

[Event "SWZ-chT"]
[Site "SWZ"]
[Date "1994.??.??"]
[Round "2"]
[White "Bauert, Ralph"]
[Black "Kaufmann, Werner"]
[Result "1/2-1/2"]
[WhiteElo "2230"]
[BlackElo "2255"]

1.Nf3 Nf6 2.c4 g6 3.g3 Bg7 4.Bg2 O-O 5.O-O d6 6.Nc3 c6 7.d3 Qa5 8.Rb1 Qh5
9.Re1 Bh3 10.Bh1 Nbd7 11.b4 e5 12.b5 d5 13.bxc6 bxc6 14.cxd5 cxd5 15.Rb5 Nb6
16.Be3 Bd7 17.Ra5 Rfc8 18.Qb3 Rab8 19.Rb1 Be6 20.Qa3 Bf8 21.Bc5 Rxc5 22.Rxc5 Nfd7
23.Na4 Nxa4 24.Rxb8 Nxb8 25.Qxa4 Bxc5 26.Qe8+ Kg7 27.Qxb8 e4 28.Qb2+ Kg8
29.Qb8+ Kg7 30.Qb2+ Kg8 31.Qb8+  1/2-1/2

[Event "Wch U18"]
[Site "Szeged"]
[Date "1994.??.??"]
[Round "1"]
[White "Fridman, Daniel"]
[Black "Martin, David"]
[Result "1-0"]
[WhiteElo "2440"]
[BlackElo "2045"]

1.Nf3 Nf6 2.c4 g6 3.g3 Bg7 4.Bg2 O-O 5.d4 d6 6.O-O Nbd7 7.Nc3 c6 8.Qc2 e5
9.Rd1 Qe7 10.b3 e4 11.Ng5 d5 12.cxd5 cxd5 13.Nb5 Ne8 14.Nh3 f5 15.Ba3 Qf6
16.Bxf8 Bxf8 17.Nxa7 Nb6 18.Nxc8 Rxc8 19.Qb2 g5 20.f4 exf3 21.exf3 Ng7 22.a4 Bb4
23.Rac1 Re8 24.a5 Nc8 25.f4 g4 26.Bxd5+ Kh8 27.Nf2 Nd6 28.Nd3 Bxa5 29.Ne5 Bb6
30.Kh1 Rd8 31.Qc3 h5 32.Qb4 Ba7 33.Rc7 Ne6 34.Bxe6 Qxe6 35.d5 Qf6 36.Nd7 Qh6
37.Qc3+ Qg7 38.Ne5  1-0